[Event "37th Zalakaros Festival 2018"]
[Site "Zalakaros"]
[Date "2018.05.25"]
[Round "1"]
[White "Aczel, Gergely"]
[Black "Heiligermann, Gabor"]
[Result "1/2-1/2"]
[WhiteElo "2567"]
[BlackElo "2008"]
[Annotator "TA"]
[PlyCount "69"]
[EventDate "2018.??.??"]
[EventType "swiss"]
[EventCountry "HUN"]
[SourceTitle "playchess.com"]
[Source "ChessBase"]
[SourceQuality "1"]

{[%evp 24,69,43,39,36,20,40,56,59,59,66,65,60,56,96,89,84,84,106,104,93,83,99,89,73,-143,-154,-167,-161,-193,-139,-144,-157,-129,-88,-97,-84,-87,0,-19,0,-80,0,-29998,0,-66,-54,-144]} 1. d4 d5 2. c4 c6 3. cxd5 cxd5 4. Bf4 Nc6 5. e3 Nf6 6. Nc3 a6 7. Bd3 e6 8. Rc1 Bd6 9. Bxd6 {D10: Damengambit (Slawische Verteidigung)} Qxd6 10. f4 b5 (10... O-O 11. Nf3 Bd7 12. Ne5 Rfc8 13. O-O Be8 14. g4 Nd7 15. g5 Ne7 16. Qf3 b5 {0-1 (35) Volkov,S (2627)-Cori Tello,J (2636) Sitges 2017}) 11. Nf3 Bb7 12. O-O O-O 13. Ne5 {LiveBook: 29 Partien} Rac8 14. Qf3 Nb4 15. Bb1 Ne4 16. Nxe4 ({Natürlich nicht} 16. Bxe4 dxe4 17. Nxe4 Qe7 $11) 16... dxe4 17. Bxe4 Bxe4 18. Qxe4 Nxa2 19. Rxc8 Rxc8 20. f5 $146 {fxe6 ist eine echte Drohung.} f6 21. Qb7 $1 {[%cal Rb7c8]} Rf8 22. Qc6 Rd8 23. fxe6 {Und Dxd6 würde nun gewinnen.} Nb4 24. Qb7 $2 (24. Qxd6 $16 {ist nötig, um Vorteil zu sichern.} Rxd6 25. Rc1) 24... Qxe6 $17 25. Qc7 Re8 {Weiss muss nun ...Sd5 beachten.} 26. Qc5 a5 ({Keinesfalls} 26... fxe5 27. Qxb4 exd4 28. exd4 $15) (26... Qe7 $19 27. Qxe7 Rxe7) 27. Nf3 Qxe3+ 28. Kh1 Nd3 29. Qxb5 {Droht Se5!} Qe2 30. Kg1 Qe3+ (30... Nf4 $1 $17 {[%csl Gf4][%cal Re2g2]} 31. Qb3+ Kf8) 31. Kh1 $11 {Mit der Idee Se5!} Qe2 ({Günstiger ist} 31... h6 $11) 32. Kg1 $1 $17 {[#]} g5 {[#]} (32... Nf4 $1 $17 {[%csl Gf4][%cal Re2g2]} 33. Qb3+ Kf8) 33. Kh1 $2 {[%mdl 8192]} (33. Ne5 $1 $11 {[%mdl 512]} Rxe5 (33... Nxe5 34. Qxe8+) 34. dxe5 Qe3+ 35. Kh1 Nf2+ 36. Rxf2 Qxf2 37. Qe8+ Kg7 38. exf6+ Qxf6 39. Qd7+ Qf7 40. Qd4+ Kg6 41. Kg1) 33... Qe3 $2 (33... Qxf1+ {setzt Matt} 34. Ng1 Nf2#) 34. h3 ({Besser ist} 34. Ne5 $11 Nf2+ 35. Rxf2 Rxe5 36. dxe5 Qxf2 37. Qe8+ Kg7 38. exf6+ Qxf6 39. Qd7+ Kg6 40. Qe8+ Qf7 41. Qc6+ Kg7 42. Kg1) 34... Qe2 $15 35. Kg1 {Precision: Weiß = 58%, Schwarz = 36%.} (35. Qd5+ $15 Kh8 36. Nh2) 1/2-1/2

[Event "37th Zalakaros Festival 2018"]
[Site "Zalakaros"]
[Date "2018.05.25"]
[Round "1"]
[White "Nemeth, Miklos"]
[Black "Reitinger, Petr"]
[Result "1-0"]
[WhiteElo "2491"]
[BlackElo "2003"]
[Annotator "TA"]
[PlyCount "49"]
[EventDate "2018.??.??"]
[EventType "swiss"]
[EventCountry "HUN"]
[SourceTitle "playchess.com"]
[Source "ChessBase"]
[SourceQuality "1"]

{[%evp 12,49,2,-11,29,47,65,58,64,44,70,63,75,71,83,25,36,45,74,42,143,143,233,142,163,148,144,134,193,52,249,248,289,253,260,256,940,905,988,973]} 1. e4 Nf6 2. e5 Nd5 3. Nc3 Nxc3 4. bxc3 d6 5. f4 c5 6. Nf3 Nc6 {B02: Alekhine's Defence: Chase Variation and lines with early Nc3} 7. d4 {LiveBook: 4 Games} cxd4 (7... dxe5 8. fxe5 Bg4 9. d5 Bxf3 10. Qxf3 Nxe5 11. Bb5+ Nd7 12. O-O f6 13. Bf4 a6 14. Bd3 g6 15. Qg4 Bg7 16. d6 O-O 17. Qe6+ Rf7 18. Bc4 Qf8 19. dxe7 Qxe7 20. Qxe7 {1-0 (20) Vasta,E (2353)-Szmetan,R (2274) ICC INT 2009}) 8. cxd4 dxe5 {White is slightly better.} 9. fxe5 Bg4 10. c3 Qa5 $146 ({Predecessor:} 10... e6 11. Rb1 Qd7 12. Be2 Be7 13. O-O O-O 14. Ng5 {½-½ (31) Evans,L-Hansen,C Esbjerg 1981}) 11. Bd2 e6 12. Rb1 O-O-O 13. Bb5 ({White should try} 13. Be2 $16) 13... Bf5 $11 14. Rb2 $1 $36 {[%mdl 2048] White fights for an advantage.} Qa3 15. Qc1 f6 (15... Na5 $14) 16. O-O $16 Be7 (16... Be4 $16 {is a better defense.} 17. Bf4 Bd5) 17. Bf4 Na5 18. Nd2 a6 19. Be2 {[%cal Bb5e2,Be2d1,Bd1f3][%mdl 32]} Qa4 (19... h5 $16 20. Nf3 h4) 20. Nb1 ({White should play} 20. exf6 $18 gxf6 21. Qa1) 20... b5 $2 (20... Nc4 $14) 21. exf6 $18 gxf6 22. Bd1 Qc4 {[#]} 23. a4 $1 {[%mdl 512]} bxa4 $2 (23... e5) 24. Nd2 Qc6 25. Bf3 {Precision: White = 47%, Black = 26%.} 1-0

[Event "37th Zalakaros Festival 2018"]
[Site "Zalakaros"]
[Date "2018.05.25"]
[Round "1"]
[White "Bokros, Albert"]
[Black "Haselbach, David"]
[Result "1/2-1/2"]
[WhiteElo "2480"]
[BlackElo "1984"]
[Annotator "TA"]
[PlyCount "92"]
[EventDate "2018.??.??"]
[EventType "swiss"]
[EventCountry "HUN"]
[SourceTitle "playchess.com"]
[Source "ChessBase"]
[SourceQuality "1"]

{[%evp 13,92,-12,0,0,44,27,22,13,43,42,50,35,60,-13,-16,-50,-37,-45,-35,-60,-68,-55,-69,-81,-69,-59,-29,-29,-29,-29,-29,-47,-41,-60,-52,-41,-27,-318,-270,-304,-303,-451,-484,-483,-477,-459,-459,-490,-493,-435,-347,-739,-360,-350,-354,-331,-310,-278,0,0,0,0,0,-101,-98,-326,-254,-322,-285,-283,-244,-295,-191,-190,0,0,0,-157,0,0,0]} 1. e4 c5 2. Nf3 Nc6 3. g3 g6 4. Bg2 Bg7 5. O-O Nf6 6. d3 d5 {A05: Übergänge in verschiedene Eröffnungen} (6... O-O 7. c3 d5 8. e5 Nd7 9. d4 cxd4 10. cxd4 Nb6 11. h3 f6 12. exf6 exf6 13. Nc3 Be6 14. Re1 Qd7 15. h4 {½-½ (60) Amin,B (2680)-Erdos,V (2628) Tbilisi 2017}) 7. Nbd2 d4 {LiveBook: 3 Partien} 8. a4 h5 $146 ({Vorgänger:} 8... O-O 9. Nc4 Nd7 10. Ng5 h6 11. Nh3 Nde5 12. Nxe5 Nxe5 13. f4 Nc6 14. f5 e6 {1-0 (51) Halvax,G (2373)-Banas,K (2243) Novi Sad 2016}) 9. Nc4 Be6 10. b3 Qc8 11. Ng5 h4 12. Nxe6 Qxe6 13. h3 (13. a5 $14) 13... hxg3 $11 14. fxg3 Nd7 $1 15. Bf4 Nde5 16. Qd2 Nxc4 17. bxc4 Be5 18. a5 f6 19. Rab1 Rb8 20. Rb5 g5 21. Bxe5 Qxe5 22. Qf2 a6 23. Rb6 Nxa5 24. Rfb1 Nc6 25. Bf3 $2 {[%mdl 8192]} (25. Rxb7 $11 {und Weiss muss sich keine Sorgen machen.} Kf7 26. Qf5) 25... Rxh3 $19 26. Kg2 Rh6 27. Bg4 (27. Rxb7 {war angesagt.} Rxb7 28. Rxb7) 27... Kf7 28. Rh1 Rxh1 29. Kxh1 Rh8+ 30. Kg2 Qc7 31. Rb1 Ne5 32. Qf5 $2 (32. Qe2) 32... Nxg4 (32... Qa5 $142 33. Rf1 Kg7) 33. Qxg4 {[%mdl 4096] Endspiel KDT-KDT} Qa5 34. Qe2 b5 35. e5 bxc4 $2 (35... f5 $19 {zielt auf ...g4 ab.} 36. g4 Qc7 37. gxf5 Qc6+ 38. Qe4 Qxe4+ 39. dxe4 bxc4) 36. exf6 $11 exf6 {Droht ...Dc7.} 37. Rb7+ Kg6 38. Qe4+ (38. dxc4 $11 {hält das Gleichgewicht.} Kh6 39. Qf2) 38... Kh6 $17 39. Qf5 $2 (39. dxc4 $17 Qd2+ 40. Kf1) 39... Qd2+ $19 40. Kh3 {[#]} g4+ $1 41. Qxg4 {Droht Matt per Dg7+.} Qg5 {( -> ...Kg6+)} 42. Qe4 cxd3 43. cxd3 Qg6 44. Qf4+ $1 Qg5 45. Qe4 $1 {[#]} Qg6 $2 (45... Qe5 $1 $17 {[%cal Re5e4]} 46. Qh4+ Qh5) 46. Qf4+ $1 $11 Qg5 {Precision: Weiß = 33%, Schwarz = 54%.} 1/2-1/2

[Event "37th Zalakaros Festival 2018"]
[Site "Zalakaros"]
[Date "2018.05.25"]
[Round "1"]
[White "Astaneh Lopez FRD, Alex"]
[Black "Stifter, Ewald"]
[Result "1-0"]
[WhiteElo "2446"]
[BlackElo "1979"]
[Annotator "TA"]
[PlyCount "33"]
[EventDate "2018.??.??"]
[EventType "swiss"]
[EventCountry "HUN"]
[SourceTitle "playchess.com"]
[Source "ChessBase"]
[SourceQuality "1"]

{[%evp 12,33,43,4,61,58,50,42,79,83,103,66,118,97,158,164,268,289,425,429,421,409,577,478]} 1. d4 {[%cal Bd2d4,Bd4d5][%mdl 32]} Nf6 2. c4 c5 3. d5 b5 4. cxb5 a6 5. e3 {[%cal Be2e3,Be3e4][%mdl 32]} g6 6. Nc3 Bg7 7. d6 {LiveBook: 6 Partien. A57: Wolga/Benkö-Gambit} (7. Nf3 O-O 8. a4 e6 9. e4 Bb7 10. Bc4 exd5 11. exd5 axb5 12. Bxb5 Na6 13. O-O Nb4 14. d6 Ne4 15. Nxe4 Bxe4 16. Be3 Nc2 17. Rc1 Nxe3 18. fxe3 Bxb2 {1-0 (39) Moiseenko,A (2648)-Jones,G (2650) Almaty 2016}) 7... exd6 ({Günstiger ist} 7... Bb7 $11) 8. Qxd6 $14 Qe7 9. Qxe7+ {Weiß steht etwas besser.} Kxe7 10. e4 $146 {zielt auf e5 ab.} ({Vorgänger:} 10. Be2 axb5 11. Nxb5 Bb7 12. Bf3 d5 13. Ne2 Na6 14. O-O Bc6 {1-0 (36) Gerlach,M (2085)-Daechert,R (2160) Germany 1993}) 10... Re8 11. Be3 {[#] e5 ist eine echte Drohung.} d6 ({Lieber} 11... Kf8 $14) 12. f3 Kf8 (12... axb5 $142 13. Bxb5 Bd7) 13. O-O-O $36 {[%cal Ba1d1,Bd1d6,Bd6c6][%mdl 2080] Schwarz steht unter starkem Druck.} Nbd7 (13... Nfd7 $142 14. Kb1 (14. Rxd6 Bxc3 15. bxc3 axb5 $18) 14... Bxc3) 14. Rxd6 $18 Bb7 (14... Re6 $142) 15. bxa6 Bc8 16. Bb5 Ke7 (16... Re6 $142) 17. Rc6 {Precision: Weiß = 45%, Schwarz = 16%.} 1-0

[Event "37th Zalakaros Festival 2018"]
[Site "Zalakaros"]
[Date "2018.05.25"]
[Round "1"]
[White "Czebe, Attila"]
[Black "Kiss, Balazs"]
[Result "1-0"]
[WhiteElo "2422"]
[BlackElo "2047"]
[Annotator "TA"]
[PlyCount "83"]
[EventDate "2018.??.??"]
[EventType "swiss"]
[EventCountry "HUN"]
[SourceTitle "playchess.com"]
[Source "ChessBase"]
[SourceQuality "1"]

{[%evp 9,83,22,24,23,31,1,13,9,0,2,4,-9,3,12,16,3,3,-18,0,0,0,2,0,0,0,0,0,-14,-13,-37,-32,-25,-24,-33,-12,-8,37,0,0,0,0,0,0,-69,-72,-77,0,-176,-54,-66,36,0,392,399,366,484,131,146,1031,1024,916,887,717,0,141,142,137,141,29995,29996,29996,29997,29997,29998,29998,29999]} 1. e4 c6 2. Nf3 d5 3. Nc3 dxe4 4. Nxe4 Nf6 5. Bd3 (5. Qe2 Na6 6. d4 Qd5 7. Nc3 Qa5 8. Qe5 Qxe5+ 9. dxe5 Nb4 10. Bd3 Nxd3+ 11. cxd3 Nd7 12. Be3 Nb6 13. Ke2 {½-½ (30) Vachier Lagrave,M (2793)-Rapport,R (2700) Caleta 2018}) 5... Bg4 6. O-O {B11: Caro-Kann (Zweispringer-Variante)} e6 7. Ng3 $146 ({Vorgänger:} 7. b3 Nbd7 8. a4 Bxf3 9. Qxf3 Ne5 10. Qe2 Nxd3 11. Qxd3 Qxd3 12. cxd3 Rd8 {0-1 (30) Regular-Eiber,M Aalborg 1987}) 7... Bd6 8. h3 {Die Stellung ist ausgeglichen.} Bxf3 9. Qxf3 Nbd7 {[%cal Bb8d7,Bd7e5,Be5g6,Bg6f4][%mdl 32]} 10. Be2 Ne5 11. Qb3 Qc7 12. d4 Ng6 13. Bg5 Nf4 14. Qf3 h6 15. Bxf6 gxf6 16. Nh5 Nxh5 17. Qxh5 O-O-O {[%cal Ba8d8,Bd8g8,Bg8g6][%mdl 32]} 18. Rad1 Rdg8 19. h4 Rg6 20. c4 Rhg8 21. Bf3 $1 Kb8 22. d5 c5 23. dxe6 fxe6 24. Rfe1 $1 {[%cal Re1e6]} Be5 25. Kf1 f5 26. Rd2 (26. Re3 $1 $11 Bd4 27. Rb3) 26... Bd4 $15 27. g3 Qf7 (27... Rf6 $17) 28. Bg2 $2 {[#]} (28. Rd3 $11 {und Weiss steht sicher.}) 28... Qg7 ({Besser ist} 28... f4 $1 $19 {[%cal Rf4g3]} 29. Qf3 R6g7) 29. Qf3 f4 (29... e5 $1 $15) 30. Rd3 fxg3 $2 {[%mdl 8192]} (30... Qc7 $11 31. Rb3 R8g7) 31. Rb3 $18 {[%cal Rb3b7]} b6 {[#]} 32. Qa8+ $2 (32. Re2 $1 $18 {und der Rest ist Schweigen.}) 32... Kc7 $16 33. Qxa7+ Kc8 $2 {[%mdl 8192]} (33... Kd8 $16 34. Qb8+ (34. Qxb6+ Qc7 $16) 34... Ke7 35. Qxb6 Rd8) 34. Qa8+ $18 Kd7 35. Qc6+ Kd8 36. Qa8+ $2 $40 {[%mdl 128] Weiss hat was vor.} ({Weiss braucht} 36. Ra3 $18 {Droht Matt per Ta8+.} Qd7 37. Qxb6+ Ke7 38. Ra7 gxf2 39. Re4) 36... Kc7 (36... Kd7 $1 $11 37. Qc6+ Kd8) 37. Qb7+ $16 Kd8 {Droht stark ...Dxb7.} 38. Qb8+ Kd7 $2 {[%mdl 8192] [#]} (38... Ke7 $16 39. Qxb6 Re8) 39. Bc6+ $1 {[%mdl 512] Weiß setzt Matt.} Ke7 (39... Kxc6 40. Rxb6+) 40. Qc7+ Kf8 41. Qd8+ Kf7 42. Qd7+ {Precision: Weiß = 61%, Schwarz = 35%.} 1-0

[Event "37th Zalakaros Festival 2018"]
[Site "Zalakaros"]
[Date "2018.05.25"]
[Round "1"]
[White "Fancsy, Imre"]
[Black "Fultner, Jaromir"]
[Result "1-0"]
[WhiteElo "2388"]
[BlackElo "1956"]
[Annotator "TA"]
[PlyCount "65"]
[EventDate "2018.??.??"]
[EventType "swiss"]
[EventCountry "HUN"]
[SourceTitle "playchess.com"]
[Source "ChessBase"]
[SourceQuality "1"]

{[%evp 9,65,8,9,17,51,38,87,84,114,107,109,107,145,130,152,75,99,43,59,90,130,82,88,91,174,151,185,170,168,176,181,134,192,138,210,226,237,224,325,170,170,169,170,171,169,170,181,186,316,330,419,401,506,491,485,427,551,466]} 1. Nf3 d5 2. c4 e6 3. g3 Nf6 4. Bg2 Nbd7 5. Qc2 Bd6 (5... c5 6. cxd5 Nxd5 7. Nc3 Nb4 8. Qd1 Be7 9. O-O O-O 10. d4 Nf6 11. a3 cxd4 12. axb4 dxc3 13. bxc3 Nd5 14. Qb3 Qc7 15. Bd2 Nb6 16. Bf4 Qc4 17. Qxc4 Nxc4 18. Nd2 Nb6 {1-0 (43) Carlsen,M (2834)-Boruchovsky,A (2542) chess.com INT 2018}) 6. d4 {A13: English Opening: 1...e6} Bb4+ $146 ({Predecessor:} 6... b6 7. O-O O-O 8. Nc3 c6 9. e4 dxe4 10. Nxe4 Nxe4 11. Qxe4 Bb7 12. Be3 Nf6 13. Qc2 c5 14. Rfd1 Qe7 15. Rac1 Rfd8 16. Qe2 {½-½ (16) Goy,U (2244)-Kripp,W (2157) Essen 2005}) 7. Nbd2 Ne4 8. O-O {White is better.} Bxd2 9. Nxd2 Nxd2 10. Bxd2 Nf6 11. Bb4 Bd7 12. f3 ({Better is} 12. cxd5 Nxd5 13. Ba3) 12... a5 $16 13. Ba3 (13. Bd2 $16) 13... dxc4 $14 14. e4 (14. Qxc4 b5 $17) 14... Bb5 15. Rfd1 {[%mdl 1024] White has strong compensation.} Qd7 16. Bf1 Qc6 (16... O-O-O $16) 17. Qc3 h5 18. Rac1 h4 19. g4 Nd7 20. Kh1 (20. Bxc4 Qxc4 21. Qxc4 Bxc4 $17) 20... O-O-O (20... Qb6 $16 {was necessary.} 21. b3 (21. Bxc4 Bxc4 22. Qxc4 O-O-O $16) 21... O-O-O 22. bxc4 (22. Bxc4 Bxc4 23. bxc4 Rhe8 $16) 22... Ba6) 21. Qxa5 (21. b3 $18) 21... b6 (21... Qa6 $16 {was called for.} 22. Qxa6 Bxa6) 22. Qb4 h3 23. b3 e5 (23... Kb8 {is a better defense.} 24. Kg1 (24. Bxc4 Bxc4 25. Rxc4 Qa8 $18) (24. bxc4 Ba6 $18) 24... Ba6 25. Bxc4 (25. bxc4 e5 $18) 25... Qb7) 24. bxc4 ({Weaker is} 24. Bxc4 Bxc4 25. Rxc4 Qf6 $16) (24. d5 $142 Qf6 25. Rc3) 24... Ba4 $18 25. d5 Qf6 26. Rd3 (26. Qxa4 Qxf3+ 27. Kg1 Rh4 $17) 26... Nc5 27. Re3 Qf4 28. Qe1 Rd6 (28... Kd7 $142 29. Kg1 Ra8) 29. Bb4 Rf6 30. Bd2 Nxe4 31. fxe4 {White is clearly winning.} Qxg4 32. Qg3 Qh5 33. Qxh3+ {Precision: White = 58%, Black = 20%.} 1-0

[Event "37th Zalakaros Festival 2018"]
[Site "Zalakaros"]
[Date "2018.05.25"]
[Round "1"]
[White "Szeberenyi, Adam"]
[Black "Toth, Kristof Istvan"]
[Result "1-0"]
[WhiteElo "2372"]
[BlackElo "1997"]
[Annotator "TA"]
[PlyCount "37"]
[EventDate "2018.??.??"]
[EventType "swiss"]
[EventCountry "HUN"]
[SourceTitle "playchess.com"]
[Source "ChessBase"]
[SourceQuality "1"]

{[%evp 24,37,39,32,77,84,358,363,412,400,868,722,871,883,1995,1981]} 1. d4 d5 2. c4 c6 3. Nf3 Nf6 4. e3 e6 {[%cal Be7e6,Be6e5][%mdl 32]} 5. Bd3 Bd6 6. Nbd2 Nbd7 7. O-O O-O 8. e4 e5 9. cxd5 cxd5 10. exd5 exd4 11. Ne4 Qc7 {D30: Queen's Gambit Declined: Systems without Nc3} (11... Nxe4 12. Bxe4 Nf6 13. Bg5 Re8 {½-½ (13) Potkin,V (2599)-Dubov,D (2659) Sochi 2015}) 12. Nxd6 Qxd6 13. Nxd4 {LiveBook: 17 Games. And now Nb5 would win.} Nxd5 {White is slightly better.} 14. Nf5 {[%cal Bd4f5,Bf5g3,Bg3h5][%mdl 32]} Qf6 $2 {[%mdl 8192] [#]} (14... Qc7 $16) 15. Qh5 $1 $18 {White threatens Ne7+! and mate.} Re8 $146 16. Ng3 Ne5 (16... h6 $142 17. Qxd5 Nb6) 17. Qxh7+ {White is clearly winning.} Kf8 18. Nh5 Qe6 19. Bg5 1-0

[Event "37th Zalakaros Festival 2018"]
[Site "Zalakaros"]
[Date "2018.05.25"]
[Round "1"]
[White "Srinath, Rao S V"]
[Black "Mitlasovszki, Imre"]
[Result "1-0"]
[WhiteElo "2363"]
[BlackElo "1925"]
[Annotator "TA"]
[PlyCount "35"]
[EventDate "2018.??.??"]
[EventType "swiss"]
[EventCountry "HUN"]
[SourceTitle "playchess.com"]
[Source "ChessBase"]
[SourceQuality "1"]

{[%evp 10,35,49,6,54,55,46,3,148,61,161,19,120,119,128,135,164,164,204,138,479,490,465,475,807,373,456,432]} 1. e4 e5 2. Nf3 Nf6 3. Nc3 Nc6 4. d4 Bb4 5. Nxe5 O-O 6. Bd3 {LiveBook: 9 Games. White wants to play a3. C47: Scotch Four Knights and Four Knights with 4 g3} Re8 $146 ({Predecessor:} 6... Nxd4 7. O-O d6 8. Nc4 Bxc3 9. bxc3 Ne6 10. Ne3 Re8 11. c4 Nc5 12. f3 Nfd7 13. Rb1 Ne5 {1-0 (32) Harikrishna,P (2680)-Mamedyarov,S (2699) Foros 2006}) 7. O-O Nxd4 8. Be3 {White is slightly better.} Ne6 (8... Nc6 $11 9. Nxc6 dxc6) 9. Nd5 (9. Nxf7 $16 Kxf7 10. e5) 9... Bc5 {[#]} (9... Bf8 $14) 10. Nc4 (10. Nxf7 $1 $18 Kxf7 11. Nxf6 Kxf6 12. Qh5) 10... c6 (10... d6 $11) 11. Nxf6+ $16 Qxf6 12. e5 Qe7 13. Bxc5 ({Don't play} 13. Qh5 $6 g6 $16) 13... Qxc5 14. Qh5 $40 {[%mdl 128] White attacks with force.} Nf8 $2 {[%mdl 8192] [#]} (14... g6 $16 {is more resistant.} 15. Qh4 d5) 15. Nd6 $18 Re7 16. Rae1 Ng6 (16... b5 $142 17. a4 Ba6) 17. Bc4 (17. Bxg6 $142 fxg6 18. Qg5) 17... b5 18. Bxf7+ {Precision: White = 50%, Black = 18%.} 1-0

[Event "37th Zalakaros Festival 2018"]
[Site "Zalakaros"]
[Date "2018.05.25"]
[Round "1"]
[White "Krykun, Yuriy"]
[Black "Smirnov, Mark A"]
[Result "1-0"]
[WhiteElo "2338"]
[BlackElo "1914"]
[Annotator "TA"]
[PlyCount "77"]
[EventDate "2018.??.??"]
[EventType "swiss"]
[EventCountry "HUN"]
[SourceTitle "playchess.com"]
[Source "ChessBase"]
[SourceQuality "1"]

{[%evp 19,77,48,53,36,34,33,47,18,17,11,25,-43,54,15,8,0,0,0,0,0,0,0,76,77,58,60,88,87,93,89,88,70,86,70,120,111,243,248,256,216,198,204,252,11,42,7,85,33,108,114,118,2,418,420,404,406,420,408,29997,29998]} 1. Nf3 Nf6 2. c4 e6 3. g3 b6 4. Bg2 Bb7 5. O-O Be7 6. Nc3 O-O 7. Re1 d6 8. e4 Nbd7 9. d4 e5 10. d5 a5 {LiveBook: 4 Games. E17: Queen's Indian: 4 g3 Bb7 5 Bg2 Be7} (10... Re8 11. Rb1 c6 12. b4 a5 13. dxc6 Bxc6 14. a3 axb4 15. axb4 Qb8 16. Qd3 Nf8 17. Bb2 Ne6 18. Nd2 {½-½ (49) Levin,E (2515)-Rodin,D (2360) Voronezh 2015}) 11. Nd2 {[%cal Bf3d2,Bd2f1,Bf1g3][%mdl 32]} Nc5 12. Nf1 Bc8 {White is slightly better.} 13. f4 $146 ({Predecessor:} 13. Ne3 Bd7 14. Nf5 Bxf5 15. exf5 Re8 16. g4 Nfd7 17. Be3 Bg5 18. Qd2 Bxe3 19. Qxe3 {0-1 (121) Werner,G (1952)-Clausen,H Helsingor 2008}) 13... exf4 14. gxf4 Bg4 15. Qc2 (15. Bf3 $11 Bxf3 16. Qxf3) 15... Nfd7 (15... Nh5 $15 16. Be3 Bh4) 16. Ng3 Bh4 17. Be3 {[%cal Bc1e3,Be3f2,Bf2d4][%mdl 32]} f5 18. exf5 Qf6 19. Nb5 Bxg3 20. hxg3 Rac8 (20... Bxf5 $11 21. Qd2 Rac8) 21. Nd4 $16 Rce8 {And now ...Rxe3! would win.} 22. Bf2 Bxf5 23. Qxf5 Rxe1+ 24. Rxe1 Qxf5 25. Nxf5 Rxf5 26. Bh3 Rf8 27. Bd4 Kf7 (27... Nf6 $16 28. Kg2 Kf7) 28. Be6+ $1 $18 Kg6 29. f5+ Kg5 30. Bxg7 Re8 {[#]} 31. Re3 $2 (31. Kg2 $1 $18) 31... Nf6 $1 $11 32. Kg2 Ng4 (32... h5 $11 {remains equal.}) 33. Re2 (33. Ra3 $16) 33... h5 (33... Nf6 $1 $14) 34. Bd4 $36 {[%mdl 2048] White is in control.} Nd3 {[#]} 35. b3 ({Better is} 35. Bc3 $1 $16) 35... h4 $2 {[%mdl 8192]} (35... a4 $1 $11 {and Black has nothing to worry.}) 36. gxh4+ $18 Kxh4 37. Re4 Kg5 38. Kg3 Nf6 (38... Nge5 $18 39. Rh4 Rf8) 39. Be3+ {Precision: White = 40%, Black = 40%.} 1-0

[Event "37th Zalakaros Festival 2018"]
[Site "Zalakaros"]
[Date "2018.05.25"]
[Round "1"]
[White "Papp, Gellert"]
[Black "Konyves, Almos"]
[Result "1-0"]
[WhiteElo "2325"]
[BlackElo "1902"]
[Annotator "TA"]
[PlyCount "75"]
[EventDate "2018.??.??"]
[EventType "swiss"]
[EventCountry "HUN"]
[SourceTitle "playchess.com"]
[Source "ChessBase"]
[SourceQuality "1"]

{[%evp 24,75,9,14,39,10,31,-10,14,-5,5,-15,9,9,9,9,9,9,9,9,16,16,16,0,0,-7,-14,-25,28,0,46,52,56,56,227,222,377,372,359,346,554,453,552,543,532,515,516,507,499,499,491,488,506,454]} 1. e4 e5 2. Nf3 Nc6 3. Bb5 {[%cal Bf1b5,Bb5a4,Ba4b3][%mdl 32]} a6 4. Ba4 Nf6 5. O-O Be7 6. Re1 b5 7. Bb3 d6 8. c3 O-O 9. h3 Na5 10. Bc2 c5 11. d3 Nd7 12. Nbd2 {[%cal Bb1d2,Bd2f1,Bf1e3][%mdl 32] C92: Spanische Partie (Tschigorin-Variante)} Nb6 13. Nf1 {LiveBook: 26 Partien} Be6 (13... Nc6 14. Ne3 Be6 15. Bd2 Qd7 16. Qe2 Rfb8 17. Rad1 a5 18. Bb1 b4 19. Rc1 Na4 20. Nd1 Rb7 21. Be3 Bf6 22. Qd2 {½-½ (45) Naiditsch,A (2710)-Erdos,V (2621) Bol 2014}) 14. Ne3 {Weiß steht etwas besser.} Qc7 15. Nh2 $146 ({Vorgänger:} 15. Bd2 Nc6 16. Qe2 Rfe8 17. g4 f6 18. Nh4 d5 19. Bb3 Qd7 20. Rad1 d4 21. Nef5 Bxb3 22. axb3 dxc3 23. bxc3 {0-1 (47) Oskam,G-Fontein,G Netherlands 1937}) 15... Rac8 16. Qf3 Bg5 17. Nhg4 Qd7 18. Nd5 Nxd5 19. Bxg5 f6 20. exd5 Bxg4 $1 21. Qxg4 Qxg4 22. hxg4 {[#] Droht Ld2 und aus.} fxg5 23. Re4 Rf4 24. Rxf4 gxf4 $11 {[%mdl 4096] Endspiel KTL-KTS} 25. Bd1 g5 ({Günstiger ist} 25... Kf7) 26. Bf3 Re8 27. Be4 c4 28. b4 Nb7 $2 {[#]} (28... cxb3 $14 29. axb3 Nxb3 30. Rxa6 Rd8) 29. a4 $1 $18 a5 $2 (29... Nd8 30. axb5 axb5 31. dxc4 bxc4) 30. axb5 axb4 31. cxb4 c3 $2 (31... cxd3 {war angesagt.} 32. Bxd3 e4) 32. Kf1 {Weiß steht klar auf Gewinn.} Rc8 33. Ke2 Nd8 34. Kd1 Nf7 35. Kc2 Rb8 36. Ra7 Rxb5 37. Kxc3 Rb8 38. Bf5 {Precision: Weiß = 59%, Schwarz = 28%.} 1-0